000 00327nam a22001337a 4500
008 180918b xxu||||| |||| 00| 0 eng d
020 _a0443066051
041 _aeng
080 _a616
100 _a6
101 _aANE
245 _aHndbook For Anethessia And Co Existing Disease
_cStoelting.R.K
942 _2udc
_cBK
999 _c47904
_d47904